000 00528nam a2200205 4500
003 OSt
005 20240705062825.0
006 a
008 240705b |||||||| |||| 00| 0 eng d
020 _a9780071259750
040 _aDWCL-Main lib.
_cOC
082 _aCirc. 518.1 D229a 2008
100 _aDasgupta, Sanjoy
245 _aAlgorithms /
260 _aBoston :
_bMcGraw-Hill,
_cc2008.
300 _ax,
_b320p.: ill.;
_c24 cm.
504 _aIncludes index.
650 _a1. Algorithms.
942 _2ddc
_n0
_cBK-CIRC
_kCirc.
999 _c2027
_d2027